Lógica : (Registro nro. 28113)

Detalles MARC
000 -LEADER
fixed length control field 01832nam a2200253Ia 4500
003 - CONTROL NUMBER IDENTIFIER
control field CO-CtgCURN
005 - DATE AND TIME OF LATEST TRANSACTION
control field 20250410233330.0
008 - FIXED-LENGTH DATA ELEMENTS--GENERAL INFORMATION
fixed length control field 190722s2003 xx f 000 0 spa d
020 ## - INTERNATIONAL STANDARD BOOK NUMBER
International Standard Book Number 9586762254
040 ## - CATALOGING SOURCE
Original cataloging agency CO-CtgCURN
Language of cataloging spa
Transcribing agency coctgcurn
082 ## - DEWEY DECIMAL CLASSIFICATION NUMBER
Classification number 340.1
Item number P438
100 ## - MAIN ENTRY--PERSONAL NAME
Personal name Pérez Vieda, Gustavo
9 (RLIN) 1222
245 #0 - TITLE STATEMENT
Title Lógica :
Remainder of title para estudiantes de derecho /
Statement of responsibility, etc. Gustavo Pérez Vieda
260 ## - PUBLICATION, DISTRIBUTION, ETC.
Place of publication, distribution, etc. Bogotá, Colombia :
Name of publisher, distributor, etc. Ediciones Doctrina y Ley,
Date of publication, distribution, etc. 2003
300 ## - PHYSICAL DESCRIPTION
Extent 327 páginas ;
Dimensions 24 centímetros.
505 ## - FORMATTED CONTENTS NOTE
Formatted contents note Cap.1. Lógica y conocimiento -- Cap.2. Introducción al pensamiento filosófico -- Cap.3. Acerca de la naturaleza de la filosofía -- Cap.4. Nuevas direcciones de la lógica -- Cap.5. El universo de la lógica -- Cap.6. La nueva lógica -- Cap.7. Historia de la lógica moderna -- Cap.8. Características de la lógica actual -- Cap.9. Finalidad y objeto de la lógica -- Cap.10. La formalidad de la lógica -- Cap.11. La lógica, teoría de inferencia correcta -- Cap.12. Sobre los actos y operaciones mentales -- Cap.13. La clasificación -- Cap.14. Los conceptos jurídicos -- Cap.15. Del juicio y la proposición -- Cap.16. La verdad como propiedad principal del juicio -- Cap.17. De los grados de asentimiento o estados de la mente frente a la verdad -- Cap.18. De los juicios y las proposiciones en el derecho -- Cap.19. Del razonamiento y la argumentación -- Cap.20. El razonamiento jurídico -- Cap.21. Del razonamiento inductivo -- Cap.22. Del razonamiento analógico.
521 ## - TARGET AUDIENCE NOTE
Target audience note AREA PROFESIONAL
590 ## - LOCAL NOTE (RLIN)
Local note Programa de Derecho_18
650 ## - SUBJECT ADDED ENTRY--TOPICAL TERM
Topical term or geographic name entry element Argumentación jurídica
9 (RLIN) 1223
650 ## - SUBJECT ADDED ENTRY--TOPICAL TERM
Topical term or geographic name entry element Lógica
9 (RLIN) 1224
942 ## - ADDED ENTRY ELEMENTS (KOHA)
Koha item type Libros
Classification part 340.1
Item part P438
Source of classification or shelving scheme Dewey Decimal Classification
Suppress in OPAC No
Existencias
Withdrawn status Lost status Source of classification or shelving scheme Damaged status Not for loan Collection Home library Current library Shelving location Date acquired Inventory number Total checkouts Full call number Barcode Date last seen Copy number Price effective from Koha item type
    Dewey Decimal Classification       Miguel Henríquez Castañeda Barranquilla Miguel Henríquez Castañeda Barranquilla General 05/23/2018 00934   340.1 P438 00934 07/22/2019 ej.1 07/22/2019 Libros
    Dewey Decimal Classification       Miguel Henríquez Castañeda Barranquilla Miguel Henríquez Castañeda Barranquilla General 05/23/2018 00935   340.1 P438 00935 07/22/2019 ej.2 07/22/2019 Libros